|
|
|
|
| LEADER |
02559nim a2200637 i 4500 |
| 001 |
001540738 |
| 003 |
CZ BrMZK |
| 005 |
20201120084652.0 |
| 007 |
sd fungnnmmned |
| 008 |
160830p20151974xr ||nne z n cze |
| 015 |
|
|
|a cnb002829793
|
| 024 |
3 |
|
|a 8595209640116
|
| 028 |
0 |
1 |
|a P003
|b Země pohádek
|
| 040 |
|
|
|a BOA001
|b cze
|e rda
|
| 072 |
|
7 |
|a 821-93
|x Literatura pro děti a mládež (beletrie)
|2 Konspekt
|9 26
|
| 080 |
|
|
|a 821-34
|2 MRF
|
| 080 |
|
|
|a 821-93
|2 MRF
|
| 080 |
|
|
|a (0:82-34)
|2 MRF
|
| 080 |
|
|
|a (0:82-25)7.096
|2 MRF
|
| 080 |
|
|
|a (086.7.053.2)
|2 MRF
|
| 080 |
|
|
|a (086.76)
|2 MRF
|
| 245 |
0 |
0 |
|a Zlatovláska a další pohádky
|
| 264 |
|
1 |
|a [Praha] :
|b Země pohádek,
|c [2015]
|
| 264 |
|
4 |
|c ©2015
|
| 300 |
|
|
|a 1 audiodisk (3 hod., 44 min.) ;
|c 12 cm
|
| 306 |
|
|
|a 034400
|
| 336 |
|
|
|a mluvené slovo
|b spw
|2 rdacontent
|
| 337 |
|
|
|a audio
|b s
|2 rdamedia
|
| 338 |
|
|
|a audiodisk
|b sd
|2 rdacarrier
|
| 344 |
|
|
|a digital
|b optical
|2 rda
|
| 344 |
|
|
|a digital
|b optical
|2 rda
|
| 490 |
1 |
|
|a Tisíc nejkrásnějších pohádek ;
|v 3
|
| 490 |
1 |
|
|a Audio & kniha
|
| 500 |
|
|
|a Pohádky v knize převyprávěla a napsala Tereza Srbecká
|
| 500 |
|
|
|a Fonogramy jednotlivých nahrávek Český rozhlas 1974-2011
|
| 505 |
0 |
0 |
|g Zlatovláska /
|r Karel Jaromír Erben ; dramatizace Drahomíra Mešková --
|t Matýsek čaroděj /
|r Melita Denková --
|t Čertovský brnkání /
|r Anna Jurásková --
|t O heřmánkové víle /
|r Marie Kubátová --
|t Mlynářská pohádka /
|r Jaroslava Pechová
|
| 508 |
|
|
|a Různí režiséři
|
| 511 |
0 |
|
|a V podání různých herců
|
| 518 |
|
|
|a Natočeno v Československém a v Českém rozhlase v letech 1974-2011
|
| 655 |
|
7 |
|a pohádky
|7 fd133054
|2 czenas
|
| 655 |
|
7 |
|a rozhlasové hry
|7 fd133298
|2 czenas
|
| 655 |
|
7 |
|a zvukové záznamy pro děti a mládež
|7 fd186726
|2 czenas
|
| 655 |
|
7 |
|a kompaktní disky
|7 fd201991
|2 czenas
|
| 700 |
1 |
|
|a Erben, Karel Jaromír,
|d 1811-1870
|7 jk01030532
|4 aut
|
| 700 |
1 |
|
|a Denková, Melita,
|d 1951-
|7 jn20020716688
|4 aut
|
| 700 |
1 |
|
|a Jurásková, Anna,
|d 1924-2017
|7 jk01052214
|4 aut
|
| 700 |
1 |
|
|a Kubátová, Marie,
|d 1922-2013
|7 jk01070282
|4 aut
|
| 700 |
1 |
|
|a Pechová, Jaroslava,
|d 1950-
|7 jk01092345
|4 aut
|
| 700 |
1 |
|
|a Mešková, Drahomíra
|4 adp
|
| 700 |
1 |
|
|a Srbecká, Tereza
|7 jo2016928178
|4 aut
|
| 830 |
|
0 |
|a Tisíc nejkrásnějších pohádek
|
| 830 |
|
0 |
|a Audio & kniha
|
| 910 |
|
|
|a BOA001
|b CDR-1372.644
|
| 990 |
|
|
|a AV
|
| 991 |
|
|
|b 201609
|c NOV
|
| 996 |
6 |
|
|b 2610680300
|c CDR-1372.644
|l MZK
|r Sklad / do 24 hodin
|n 0
|p p.v.
|w 001576337
|u 000010
|a 1
|e BOA001
|j MZK50
|s P
|